000 nam a22 7a 4500
999 _c10434
_d10434
008 180217b ||||| |||| 00| 0 eng d
100 _aBhanot,D.P.
_96371
245 _aLearnwell Communicative English-4
260 _aNew Delhi
_bHoly Faith